Códigos procesales en lo civil y comercial de las provincias argentinas. Tomo II /

Guardado en:
Autor Principal: Danielián, Miguel
Otros Autores: Ramos Feijóo, Claudio
Formato: Libro
Idioma:Spanish
Publicado: Buenos Aires : La Ley, 2000
Edición:1a. ed.
Materias:
Etiquetas: Agregar Etiqueta
Sin Etiquetas, Sea el primero en etiquetar este registro!
LEADER 00594nam a22001695a 4500
001 DER.der015479
008 251111s2000####|||||||||||||||||#||spa||
005 20251111193543.0
245 1 0 |a Códigos procesales en lo civil y comercial de las provincias argentinas.  |n Tomo II /  |c Miguel Danielián , Claudio Ramos Feijóo. 
250 |a 1a. ed. 
260 |a Buenos Aires :  |b La Ley,  |c 2000 
300 |a 1744 p. 
020 |a 9505273703 
100 1 |a Danielián, Miguel 
700 1 |a Ramos Feijóo, Claudio 
650 7 |a DERECHO PROCESAL CIVIL Y COMERCIAL 
859 |a DERECHO  |b BIB. DERECHO  |h 347  |i DAN  |p 0010733  |v 2  |3 Tomo II